000 00649nam a2200193Ia 4500
005 20250423100021.0
008 250422s9999 xx 000 0 und d
020 _a9781496363541
050 _aQP 514.2 .F47/
100 _aFerrier, Denise R.
245 0 _aLippincott illustrated reviews : biochemistry
250 _a7th ed.
260 _aPhiladelphia
260 _bWolters Kluwer
260 _c2017
300 _a567 p
650 _aBiochemistry -- Outlines, syllabi, etc. Biochemistry -- Examinations, questions, etc. Clinical biochemistry -- Outlines, syllabi, etc. Clinical biochemistry -- Examinations, questions, etc.
942 _cBK
999 _c32032
_d32032